00466nam a2200193 a 4500001001300000003000900013005001700022008004100039020001000080082001600090100001500106245002900121260003400150300000900184500003500193505001000228650001900238700001500257nice12345678IN_TiNIC20260116012402.0050524s1887 oxfa grp 000 0 eng  ac10000a492.75bGRE aGreen, A O aPracticle Arabic Grammar aOxfordbClarendon Pressc1887 a198p aincludes index and biblioraphy2 aIndex aArabic-Grammar1 aGreen, A O